00490nam a22000977a 4500100006600000245011000066260002700176300000900203650014800212856003200360 aPunhal Khana16MEEE09aSupervisor - Dr. Abdul Qayoom Jakhrani aAnalysis and Sustainable Utilization of Flue Gases Emitted from Diesel Generators in Drilling Operations  aNawabshahbQUESTc2020 a28p. aFlue Gases aAnalysis and Sustainable UtilizationaDiesel Generators in Drilling Operations aDepartment of Energy and Environment Engineering  uhttp://tinyurl.com/5a9sta2w